000 00495nam a2200181Ia 4500
008 140925s9999 xx 000 0 und d
020 _a1874-916X 
245 4 _aThe Open Communication Journal /
_h[electronic resource]
260 _bBentham Open,
516 _aElectronic text
650 _aCommunication.
650 _aJournals.
650 _aMass Communication.
830 _aBetham Open
856 _uhttp://benthamopen.com/tocommj/
942 _cEJ
999 _c275617
_d275617